00742nam a2200217 a 450000500170000000800410001702000180005805000270007610000220010324501010012526000430022630000210026944000380029050000200032852100090034865000380035765000360039565000500043165000250048170000180050620140310183623.0120904s19uu xx 00 eng d a9780230111103 aHD 62.25b.Ar7626 2011 aAronoff, Craig E. aFamily business values :bhow to assure a legacy of continuity and success. /cCraig E. Aronoff. aNew York :bPalgrave Macmillan,c2011. a89 p. :c21 cm.  aFamily Business Leadership Series aIncludes index. aBSBA aFamily-owned business enterprises aFamily corporationsxManagement aFamily-owned business enterprisesxSuccession aExecutive succession aWard, John L.